Japan business : Obstacles and opportunities: a binational perspective for U.S. decision-makers
Wedi'i Gadw mewn:
| Prif Awdur: | |
|---|---|
| Fformat: | Llyfr |
| Iaith: | Undetermined |
| Cyhoeddwyd: |
Japan
McKinsey & Company
1983
|
| Pynciau: | |
| Tagiau: |
Ychwanegu Tag
Dim Tagiau, Byddwch y cyntaf i dagio'r cofnod hwn!
|
| Thư viện lưu trữ: | Trung tâm Học liệu Trường Đại học Cần Thơ |
|---|
| LEADER | 00652nam a2200205Ia 4500 | ||
|---|---|---|---|
| 001 | CTU_79839 | ||
| 008 | 210402s9999 xx 000 0 und d | ||
| 082 | |a 332.6 | ||
| 082 | |b K51 | ||
| 100 | |a McKinsey | ||
| 245 | 0 | |a Japan business : | |
| 245 | 0 | |b Obstacles and opportunities: a binational perspective for U.S. decision-makers | |
| 245 | 0 | |c McKinsey, Company | |
| 260 | |a Japan | ||
| 260 | |b McKinsey & Company | ||
| 260 | |c 1983 | ||
| 650 | |a Industrial statistics,Bsiness enterprises, american,Business enterprises, foreign | ||
| 650 | |z Japan,Japan,Japan | ||
| 904 | |i M.Loan,Hải | ||
| 980 | |a Trung tâm Học liệu Trường Đại học Cần Thơ | ||